000 00944nam a22002173i 4500
001 151810
003 ES-MaACL
005 20240229062725.0
008 030714m1860 fr af |||| | fre d
040 _aCCPB | B
_bspa
_cCCPB | B
100 1 _aBelmas, Jacques-Vital.
_9125904
245 1 0 _aJournaux des siéges faits ou soutenus par les français dans la Péninsule de 1807 à 1814
_b: rédigés d'après les ordres du gouvernement, sur les documents existant aux archives de la guerre et au dêpot de fortifications /
_cpar J. Belmas.
260 _aParis :
_bImprimerie Impériale,
_c1860.
300 _a1 v. ;
_c73 cm.
500 _aEl texto en: G-7823-26.
597 _aAtlas ([19] h. de grab.)
599 _aAlgunas h. de grab. son a doble plana.
651 4 _aEspaña-
_xHistoria-
_y1808-1814, Guerra de la Independencia
_98244
852 _aES-MaACL
_jB-6977
_z-- Enc. hol.
_q-- Contiene únicamente Atlas
999 _c151810
_d151810